|
|
|
|
| LEADER |
00000nas a2200000 i 4500 |
| 001 |
ssj0001077785 |
| 003 |
WaSeSS |
| 005 |
20200512172242.0 |
| 006 |
m d |
| 007 |
cr n |
| 008 |
131227c20uu9999mdud| n|s|||||| |0eng d |
| 035 |
|
|
|a (WaSeSS)ssj0001077785
|
| 040 |
|
|
|a WaSeSS
|b eng
|c WaSeSS
|d WaSeSS
|
| 050 |
1 |
4 |
|a NA9000
|
| 245 |
0 |
0 |
|a Housing & urban development department documents & publications
|h [electronic resource].
|
| 246 |
1 |
|
|a Housing and urban development department documents and publications
|
| 260 |
|
|
|a Greenbelt, Maryland :
|b Federal Information & News Dispatch
|
| 310 |
|
|
|a Daily
|
| 506 |
|
|
|a License restrictions may limit access.
|
| 588 |
|
|
|a Description based on: June 10, 2010; title from title screen (ProQuest, viewed Dec. 21, 2013).
|
| 588 |
|
|
|a Latest issue consulted: December 24, 2013 (viewed Dec. 21, 2013).
|
| 650 |
|
0 |
|a City planning
|v Periodicals.
|
| 650 |
|
0 |
|a Public administration
|v Periodicals.
|
| 655 |
|
0 |
|a Electronic journals.
|
| 856 |
4 |
0 |
|z Full text available from Research Library: 06/10/2010 to present
|u https://search.proquest.com/publication/237716
|